000 00312nam a22001337a 4500
008 170615b xxu||||| |||| 00| 0 eng d
020 _a9781568028323
041 _aeng
080 _a32
100 _a19
101 _aSHP
245 _aAMERICAN FOREIGN POLICY AND POLITICAL AMBITION
_cRAY,J.L
942 _2udc
_cBK
999 _c17635
_d17635